| 000 | 00651nam a2200205Ia 4500 | ||
|---|---|---|---|
| 003 | OSt | ||
| 005 | 20220925210034.0 | ||
| 006 | a|||||r|||| 00| 0 | ||
| 007 | ta | ||
| 008 | 220923b |||||||| |||| 00| 0 eng d | ||
| 037 | _cGeneral Book | ||
| 040 |
_aRTL _cRTL _beng |
||
| 041 |
_2eng _aeng |
||
| 082 | _aX9(M7).225.N68<---N69s | ||
| 245 | 0 |
_aSIRSILK LIMITED Hyderabad-Andhra Pradesh _b 18th Annual report & accounts |
|
| 260 |
_aHyderabad _bSirsilk limited _c1964 |
||
| 500 | _a1965-66 (19p),1965-66 (19p),; 1966-67 (19p), 1967-68 (20p) | ||
| 942 |
_hX9(M7).225.N68<---N69s _cGB _2CC |
||
| 999 |
_c553830 _d553830 |
||